00979cam a22002774a 4500952013300000999001700133001000900150003000400159005001700163008004100180020001800221035002300239040001900262042000800281050002200289082002400311100003100335245007000366260005100436300002100487500007100508500002000579650001100599906004500610942004600655 00102ddc40708ISLAMaMESbMEScISLd2019-02-20g886.20l0o297.0904 NAS/Yp38038r2019-02-20 00:00:00w2019-02-20yBKzGL49R3 c23106d2310613004190OSt20200512124610.0011219r19991993enk 001 0 eng  a9789839154900 a(UkLWHE)e000431348 aDLCcoclcdDLC apcc00aBP163b.N283 199900a297.0904221bNAS/Y aNasr, Seyyed Hossein9222712aA young Muslim's guide to the modern world /cSeyyed Hossein Nasr aCambridge :bThe Islamic Texts Society,c1999. a270 p. ;c23 cm. aOriginally published: Des Plaines, Ill. : Library of Islam , 1993. aIncludes index. 4aIslam. a7bcbccorigresd3encipf20gy-gencatlg 2ddccBKh297.0904iNAS/Yk297.0904mNAS/Y